| 000 | 00709nam a22002057a 4500 | ||
|---|---|---|---|
| 003 | OSt | ||
| 005 | 20250728070739.0 | ||
| 008 | 250728b |||||||| |||| 00| 0 eng d | ||
| 020 | _a 9789719802426 | ||
| 040 |
_aDWCL-Main lib _cOC |
||
| 082 | _aFil. 657.3 A244f 2015 | ||
| 100 | _aAduana, Nick L. | ||
| 245 |
_aFinancial statements : _bpreparation, analysis, and interpretation/ _cNick L. Aduana |
||
| 260 |
_aQuezon City : _bC & E Publishing, _cc2015. |
||
| 300 |
_a xiii, 329 pages : _b illustrations ; _c26 cm. |
||
| 504 | _aIncludes appendices and bibliographical references. | ||
| 650 | _a1. Accounting. | ||
| 650 | _a2. Accounting--Problems, exercises, etc. | ||
| 942 |
_2ddc _cBK - FIL _kFil. _n0 |
||
| 999 |
_c3848 _d3848 |
||